000 00455cam a2200145 4500500
005 20260222000858.0
041 _afre
042 _adc
100 1 0 _aBret, Cyrille
_eauthor
245 0 0 _aÀ la recherche de l’ami parfait
260 _c2023.
500 _a78
786 0 _nSciences Humaines | 359 | 6 | 2023-05-09 | p. 28-31 | 0996-6994
856 4 1 _uhttps://shs.cairn.info/magazine-sciences-humaines-2023-6-page-28?lang=fr&redirect-ssocas=7080
999 _c1663716
_d1663716